000 00965nam a2200265Ia 4500
003 OSt
005 20221005103758.0
006 a|||||r|||| 00| 0
007 ta
008 221004b |||||||| |||| 00| 0 hin d
024 _a108860
037 _cTextual
040 _aCRL
_cCRL
_bhin
041 _2hin
_ahin
082 _aO152,1N3:g, N7.2
100 _aसुरेश गौतम
245 0 _aछायावाद का उत्तरराग
_b राष्ट्रीय - सांस्कृतिक काव्य
246 _aChhāyāvād kā uttararāga: rāṣhṭrīya - sāanskṛutik kāvya
260 _aदिल्ली
_bआलोकपर्व प्रकाशन भारत
_c1997
300 _a159पृ0
_ccm.
490 _vभाग 2
650 _aहिन्दी साहित्य
942 _hO152,1N3:g, N7.2
_cTEXL
_2cc
999 _c1010892
_d1010892